000 01345nam a22003497a 4500
001 4926493
003 OSt
005 20210426122128.0
008 950829s1996 ctu b 000 0 eng
010 _a 95038832
020 _a0300064047 (cloth : alk. paper)
020 _a0300064055 (pbk. : alk. paper)
040 _aDLC
_cDLC
_dDLC
_beng
041 _aeng
050 0 0 _aLB2321
_b.N54 1996
080 _a37
_bN-53
082 0 0 _a378/.01
_220
100 1 _aNewman, John Henry,
_d1801-1890.
245 1 4 _aThe idea of a university /
_cJohn Henry Newman ; Frank M. Turner, editor ; contributors, Martha McMackin Garland ... [et al.].
_b/ by: Yale University Press
260 _aNew Haven
_bYale University Press
_cc1996.
300 _axxxiv, 366 p. ;
_c22 cm.
440 0 _aRethinking the Western tradition
504 _aIncludes bibliographical references (p.[363]-366).
600 1 0 _aNewman, John Henry,
_d1801-1890.
_tIdea of a university.
650 0 _aEducation, Higher
_xPhilosophy.
650 0 _aUniversities and colleges
_xPhilosophy.
653 _aგანათლება
700 1 _aTurner, Frank M.
_q(Frank Miller),
_d1944-2010.
_eEditor
906 _a7
_bcbc
_corignew
_d1
_eocip
_f19
_gy-gencatlg
942 _2udc
_cBK
999 _c1053
_d1053